Memory as a programming concept in C and C++

The overwhelming majority of bugs and crashes in computer programming stem from problems of memory access, allocation, or deallocation. Such memory related errors are also notoriously difficult to debug. But the role that memory plays in C and C++ programming is a subject often overlooked in courses...

Cur síos iomlán

Đã lưu trong:
Sonraí Bibleagrafaíochta
Príomhúdar: Franek, F.
Formáid: Leabhar
Teanga:Undetermined
Foilsithe: Cambridge,New York Cambridge University Press 2004
Ábhair:
Clibeanna: Cuir Clib Leis
Gan Chlibeanna, Bí ar an gcéad duine leis an taifead seo a chlibeáil!
Thư viện lưu trữ: Trung tâm Học liệu Trường Đại học Cần Thơ
LEADER 01544nam a2200205Ia 4500
001 CTU_167307
008 210402s9999 xx 000 0 und d
020 |c 50 
082 |a 004.435 
082 |b F814 
100 |a Franek, F. 
245 0 |a Memory as a programming concept in C and C++ 
245 0 |c Frantisek Franek 
260 |a Cambridge,New York 
260 |b Cambridge University Press 
260 |c 2004 
520 |a The overwhelming majority of bugs and crashes in computer programming stem from problems of memory access, allocation, or deallocation. Such memory related errors are also notoriously difficult to debug. But the role that memory plays in C and C++ programming is a subject often overlooked in courses and in books. Most professional programmers learn about it entirely through experience of the trouble it causes. This book provides students and professional programmers with a concise yet comprehensive view of the role memory plays in all aspects of programming and program behaviour. Assuming only a basic familiarity with C or C++, the author describes the techniques, methods, and tools available to deal with the problems related to memory and its effective use 
650 |a Memory management (Computer science),C (Computer program language),C++ (Computer program language),Quản lý bộ nhớ (Khoa học máy tính),C++ (Ngôn ngữ lập trình máy tính),C (Ngôn ngữ lập trình máy tính) 
910 |a Nguyên 
980 |a Trung tâm Học liệu Trường Đại học Cần Thơ